[Event "Staufer op 20th"]
[Site "Schwaebisch Gmuend"]
[Date "2008.01.04"]
[Round "5"]
[White "Deglmann, Ludwig"]
[Black "Warter, Siegfried"]
[Result "1/2-1/2"]
[WhiteElo "2327"]
[BlackElo "2143"]
[PlyCount "141"]
[EventDate "2008.01.02"]
[EventType "swiss"]
[EventRounds "9"]
[EventCountry "GER"]
[SourceTitle "CBM 122 Extra"]
[Source "ChessBase"]
[SourceDate "2008.03.04"]
[SourceVersion "1"]
[SourceVersionDate "2008.03.04"]
[SourceQuality "1"]

1. Nf3 d5 2. g3 Nf6 3. Bg2 c6 4. d3 Bg4 5. Nbd2 Nbd7 6. 0-0 e6 7. Qe1 Qa5 8. h3 Bh5 9. e4 dxe4 10. dxe4 Bxf3 11. Nxf3 Qxe1 12. Rxe1 Nc5 13. e5 Nd5 14. a3 a5 15. Bd2 a4 16. Rad1 Be7 17. Bf1 0-0 18. c4 Nc7 19. Bb4 N7a6 20. Bc3 Rfd8 21. Ba5 Rxd1 22. Rxd1 Kf8 23. Be2 Ke8 24. Nd2 Bd8 25. Bc3 Bc7 26. Kg2 Nb8 27. f4 Ba5 28. Bd4 Nbd7 29. Be3 Ra6 30. Kf3 Bc7 31. Ne4 Nxe4 32. Kxe4 Ra5 33. Bd2 Nc5+ 34. Kf3 Ra8 35. Bb4 Bb6 36. g4 g6 37. h4 Na6 38. Bc3 Bc5 39. h5 Ke7 40. Be1 Ke8 41. Bc3 Be7 42. hxg6 hxg6 43. Rh1 Kd7 44. Rh7 Rf8 45. Bd3 Nc5 46. Bc2 Ke8 47. Bd4 Rg8 48. Be3 Rf8 49. Ke2 Rg8 50. Kd2 Rf8 51. Kc3 Rg8 52. Kb4 Nd7+ 53. Kxa4 g5 54. f5 Nxe5 55. fxe6 fxe6 56. Bd4 Nxc4 57. Bd3 Nd2 58. Bc3 Nf3 59. Be4 Nh4 60. Ka5 Bd8+ 61. Kb4 Be7+ 62. Kc4 Ng6 63. a4 Nf4 64. b4 Nd5 65. Bd2 Rf8 66. Bg6+ Kd8 67. b5 cxb5+ 68. axb5 Rf2 69. Kd3 Nf4+ 70. Bxf4 Rxf4 71. Rh8+ 1/2-1/2

[Event "Staufer op 20th"]
[Site "Schwaebisch Gmuend"]
[Date "2008.01.03"]
[Round "3"]
[White "Lorscheid, Gerhard"]
[Black "Warter, Siegfried"]
[Result "1-0"]
[WhiteElo "2335"]
[BlackElo "2143"]
[PlyCount "71"]
[EventDate "2008.01.02"]
[EventType "swiss"]
[EventRounds "9"]
[EventCountry "GER"]
[SourceTitle "CBM 122 Extra"]
[Source "ChessBase"]
[SourceDate "2008.03.04"]
[SourceVersion "1"]
[SourceVersionDate "2008.03.04"]
[SourceQuality "1"]

1. d4 d5 2. c4 c6 3. Nc3 Nf6 4. e3 e6 5. Nf3 Nbd7 6. Bd3 dxc4 7. Bxc4 b5 8. Bd3 a6 9. 0-0 Bb7 10. e4 c5 11. d5 c4 12. Bc2 e5 13. Qe2 Qc7 14. Nh4 g6 15. f4 Bd6 16. fxe5 Bxe5 17. Nf3 Ng4 18. Nxe5 Ngxe5 19. Bh6 0-0-0 20. b3 Kb8 21. b4 Qd6 22. a4 g5 23. Bxg5 Rdg8 24. Bf4 Rg6 25. axb5 axb5 26. Nxb5 Qb6+ 27. Qf2 Qxb5 28. Ba4 Qb6 29. Bxd7 Qxf2+ 30. Rxf2 f6 31. Rc2 Bc8 32. Bxc8 Rxc8 33. Ra5 Kb7 34. Bxe5 fxe5 35. Rc5 Rf8 36. R5xc4 1-0

[Event "Oberliga Sued W 0708"]
[Site "Germany"]
[Date "2007.11.25"]
[Round "3.8"]
[White "Warter, Siegfried"]
[Black "Milutinovic, Stephane"]
[Result "1/2-1/2"]
[WhiteElo "2143"]
[BlackElo "2041"]
[PlyCount "125"]
[EventDate "2007.10.21"]
[EventType "team-tourn"]
[EventRounds "9"]
[EventCountry "GER"]
[SourceTitle "EXT 2009"]
[Source "ChessBase"]
[SourceDate "2008.11.26"]
[SourceVersion "1"]
[SourceVersionDate "2008.11.26"]
[SourceQuality "1"]
[WhiteTeam "Saarbruecken SVG"]
[BlackTeam "Saarbruecken Gambit"]
[WhiteTeamCountry "GER"]
[BlackTeamCountry "GER"]

1. e4 c5 2. Nf3 Nc6 3. d4 cxd4 4. Nxd4 d6 5. c4 g6 6. Nc3 Bg7 7. Nc2 Nf6 8. Be2 0-0 9. 0-0 Be6 10. Bd2 Rc8 11. Rc1 a6 12. Kh1 h5 13. f4 Bg4 14. Ne3 Bxe2 15. Qxe2 Nd4 16. Qd3 e5 17. f5 Kh7 18. Ncd5 g5 19. Nxf6+ Bxf6 20. Nd5 Kg7 21. b4 Rh8 22. Be3 g4 23. Qd2 Kf8 24. c5 dxc5 25. bxc5 Rg8 26. Bxd4 exd4 27. Qh6+ Bg7 28. Qxh5 Rc6 29. f6 Bxf6 30. Nxf6 Rxf6 31. e5 Rxf1+ 32. Rxf1 Qd7 33. Rf6 Qe7 34. Qf5 d3 35. Rd6 Rg5 36. Qxd3 Rxe5 37. Rd8+ Kg7 38. Qd4 Qxc5 39. Qxg4+ Rg5 40. Qd4+ Qxd4 41. Rxd4 Rb5 42. h4 a5 43. Rd2 Rh5 44. g3 b5 45. Kg2 b4 46. Kh3 a4 47. g4 Rb5 48. h5 b3 49. axb3 axb3 50. Rb2 f6 51. Kg3 Rb4 52. Kf3 Kh7 53. Kf2 Kh6 54. Kg3 Kg5 55. Kh3 Rb6 56. Kg3 Rb5 57. Kf3 Rb4 58. Kf2 Rf4+ 59. Ke2 Rxg4 60. Rxb3 f5 61. Rh3 Kh6 62. Kf3 Rb4 63. Rh1 1/2-1/2

[Event "Saarland-ch MA"]
[Site "Heusweiler"]
[Date "2007.04.06"]
[Round "8"]
[White "Warter, Siegfried"]
[Black "Dietzen, Corinna"]
[Result "1-0"]
[WhiteElo "2120"]
[BlackElo "1980"]
[PlyCount "47"]
[EventDate "2007.03.30"]
[EventType "swiss"]
[EventRounds "9"]
[EventCountry "GER"]
[SourceTitle "EXT 2008"]
[Source "ChessBase"]
[SourceDate "2007.11.25"]
[SourceVersion "1"]
[SourceVersionDate "2007.11.25"]
[SourceQuality "1"]

1. e4 e5 2. Bc4 Nf6 3. d3 c6 4. Nf3 d5 5. Bb3 dxe4 6. Ng5 Be6 7. Nxe6 fxe6 8. Bxe6 exd3 9. 0-0 Qd6 10. Bb3 Nbd7 11. Nd2 b5 12. a4 Nc5 13. axb5 cxb5 14. Qf3 Qb8 15. Qc6+ Kd8 16. Bd5 Nxd5 17. Qxd5+ Bd6 18. b4 Nd7 19. Ne4 Be7 20. Rd1 Ke8 21. Rxd3 Nf6 22. Nxf6+ Bxf6 23. Qe6+ Kf8 24. Bh6 1-0

[Event "Saarland-ch MA"]
[Site "Heusweiler"]
[Date "2007.03.31"]
[Round "2"]
[White "Warter, Siegfried"]
[Black "Hillenbrand, Alexander"]
[Result "1-0"]
[WhiteElo "2120"]
[BlackElo "2154"]
[PlyCount "69"]
[EventDate "2007.03.30"]
[EventType "swiss"]
[EventRounds "9"]
[EventCountry "GER"]
[SourceTitle "EXT 2008"]
[Source "ChessBase"]
[SourceDate "2007.11.25"]
[SourceVersion "1"]
[SourceVersionDate "2007.11.25"]
[SourceQuality "1"]

1. d4 Nf6 2. c4 g6 3. Nc3 d5 4. Nf3 Bg7 5. Qb3 dxc4 6. Qxc4 0-0 7. e4 a6 8. e5 b5 9. Qe2 Nd5 10. Ne4 Nd7 11. Bd2 e6 12. g3 a5 13. Qxb5 f6 14. Bh3 Qe7 15. Qc6 Ra6 16. Qc4 fxe5 17. Nfg5 Bb7 18. Nc5 Nxc5 19. Qxc5 exd4 20. Qxe7 Nxe7 21. 0-0 Bd5 22. Rfe1 e5 23. Rac1 Rc6 24. Bxa5 Bxa2 25. Bb4 Rxc1 26. Rxc1 Re8 27. Bd7 Rd8 28. Rxc7 Nf5 29. g4 Nh4 30. Be6+ Bxe6 31. Nxe6 Rb8 32. Rxg7+ Kh8 33. Rf7 h5 34. Bd6 Rb5 35. Be7 1-0

[Event "Oberliga Sued W 0506"]
[Site "Germany"]
[Date "2005.11.13"]
[Round "2.3"]
[White "Warter, Siegfried"]
[Black "Bruch, Jochen"]
[Result "0-1"]
[WhiteElo "2078"]
[BlackElo "2151"]
[PlyCount "112"]
[EventDate "2005.10.23"]
[EventType "team-tourn"]
[EventRounds "9"]
[EventCountry "GER"]
[SourceTitle "EXT 2007"]
[Source "ChessBase"]
[SourceDate "2006.11.23"]
[SourceVersion "1"]
[SourceVersionDate "2006.11.23"]
[SourceQuality "1"]
[WhiteTeam "Saarbruecken II"]
[BlackTeam "Ludwigshafen"]
[WhiteTeamCountry "GER"]
[BlackTeamCountry "GER"]

1. e4 c5 2. Nf3 e6 3. d4 cxd4 4. Nxd4 Nf6 5. Nc3 d6 6. Bg5 Be7 7. Qd2 a6 8. 0-0-0 b5 9. f3 Qb6 10. Be3 Qb7 11. g4 Nc6 12. g5 Nd7 13. Nxc6 Qxc6 14. Qd4 0-0 15. f4 Rb8 16. Kb1 b4 17. Ne2 Bb7 18. Ng3 Rfc8 19. Rc1 Nc5 20. Bg2 Qc7 21. f5 a5 22. f6 Bf8 23. h4 Na4 24. h5 Qc4 25. Qxc4 Rxc4 26. Rhd1 Ba8 27. Ka1 Rbc8 28. Rd2 Nc5 29. Rd4 Rxd4 30. Bxd4 Nd3 31. Rg1 Rxc2 32. Kb1 Rc8 33. Rf1 e5 34. Be3 g6 35. hxg6 hxg6 36. Bh3 Rc4 37. Rd1 Nf4 38. Bf1 Bxe4+ 39. Nxe4 Rxe4 40. Bb6 a4 41. Rc1 b3 42. Bd8 Ne6 43. Be7 Nc5 44. Bg2 Rh4 45. axb3 axb3 46. Rd1 Rh2 47. Bxf8 Rxg2 48. Bxd6 Nd3 49. Rh1 Rxb2+ 50. Ka1 Ra2+ 51. Kb1 Ra6 52. Ba3 e4 53. Rh4 Ra4 54. Rh3 b2 55. Bxb2 Rb4 56. Ka1 Nxb2 0-1

[Event "Mainz Ordix op"]
[Site "Mainz"]
[Date "2005.08.13"]
[Round "1"]
[White "Warter, Siegfried"]
[Black "Radjabov, Teimour"]
[Result "0-1"]
[WhiteElo "2130"]
[BlackElo "2682"]
[PlyCount "50"]
[EventDate "2005.08.13"]
[EventType "swiss (rapid)"]
[EventRounds "11"]
[EventCountry "GER"]
[SourceTitle "CBM 107 Extra"]
[Source "ChessBase"]
[SourceDate "2005.09.01"]
[SourceVersion "1"]
[SourceVersionDate "2005.09.01"]
[SourceQuality "1"]

1. e4 c5 2. Nf3 Nc6 3. Bb5 e6 4. Bxc6 bxc6 5. d3 Ne7 6. 0-0 Ng6 7. b3 d6 8. Bb2 e5 9. c3 Ba6 10. Re1 Nf4 11. Re3 Be7 12. d4 f6 13. g3 Ne6 14. d5 cxd5 15. Qxd5 Qc8 16. Nbd2 Bb7 17. Qd3 0-0 18. Nh4 g6 19. Ng2 Qc7 20. Qc4 Qd7 21. Rd1 Rad8 22. Nf1 Kg7 23. Red3 Ng5 24. Qxc5 Bxe4 25. Qe3 Qb7 0-1

[Event "Staufer op 17th"]
[Site "Schwaebisch Gmuend"]
[Date "2005.01.02"]
[Round "2"]
[White "Drabke, Lorenz Maximilian"]
[Black "Warter, Siegfried"]
[Result "1/2-1/2"]
[WhiteElo "2428"]
[BlackElo "2136"]
[PlyCount "81"]
[EventDate "2005.01.??"]
[EventType "swiss"]
[EventRounds "9"]
[EventCountry "GER"]
[SourceTitle "EXT 2008"]
[Source "ChessBase"]
[SourceDate "2007.11.25"]
[SourceVersion "1"]
[SourceVersionDate "2007.11.25"]
[SourceQuality "1"]

1. e4 e5 2. Bc4 Nf6 3. d3 Bc5 4. Nf3 d6 5. c3 Nbd7 6. 0-0 0-0 7. d4 Bb6 8. Re1 c6 9. Bd3 Re8 10. Nbd2 Nf8 11. b3 Ne6 12. Bb2 Nf4 13. Bf1 Bc7 14. h3 h6 15. Qc2 Nh7 16. c4 c5 17. dxe5 dxe5 18. Re3 Ne6 19. Nb1 Nd4 20. Qd1 Ba5 21. Nc3 Bxc3 22. Bxc3 a5 23. Nd2 b6 24. Bd3 Qh4 25. Nf1 Ng5 26. Be1 Nge6 27. Nh2 Nf4 28. Bf1 Qe7 29. Rg3 Rd8 30. Bd2 h5 31. Rc1 g6 32. Qe1 Bb7 33. Re3 Bc8 34. Nf3 Qf6 35. Kh2 Nfe6 36. Nxd4 Nxd4 37. Rg3 Ne6 38. Be2 Kh7 39. Rcc3 Bb7 40. Rcf3 Nf4 41. Re3 1/2-1/2

[Event "Saarlouis op 7th"]
[Site "Saarlouis"]
[Date "2004.05.22"]
[Round "6"]
[White "Schwarz, Karsten"]
[Black "Warter, Siegfried"]
[Result "0-1"]
[WhiteElo "2147"]
[BlackElo "1935"]
[PlyCount "106"]
[EventDate "2004.05.19"]
[EventType "swiss"]
[EventRounds "7"]
[EventCountry "GER"]
[SourceTitle "EXT 2006"]
[Source "ChessBase"]
[SourceDate "2005.11.24"]
[SourceVersion "1"]
[SourceVersionDate "2005.11.24"]
[SourceQuality "1"]

1. e4 c5 2. Nc3 Nc6 3. f4 g6 4. Nf3 d6 5. Bb5 Bg7 6. d3 e6 7. Bxc6+ bxc6 8. 0-0 Rb8 9. Qe1 Ne7 10. Rb1 0-0 11. b3 Qa5 12. Na4 Qb4 13. c3 Qb5 14. c4 Qb4 15. Be3 Rd8 16. Rd1 Bf8 17. Qxb4 Rxb4 18. h3 Ba6 19. e5 Nf5 20. Bf2 Rxa4 21. bxa4 d5 22. g4 Nd4 23. Nxd4 cxd4 24. Bxd4 dxc4 25. dxc4 Bxc4 26. Be3 Bd5 27. a5 c5 28. Rc1 Rc8 29. Rf2 a6 30. Rfc2 c4 31. Bd4 Ba3 32. Bb2 Bc5+ 33. Kf1 Be3 34. Rd1 Bxf4 35. Bd4 Be4 36. Rc3 g5 37. Kf2 Kg7 38. Re1 Bd5 39. Rc2 Rb8 40. Bb6 Kg6 41. Bc7 Rb1 42. Rec1 Rb2 43. Re2 Bd2 44. Rxd2 Rxd2+ 45. Kg1 Rxa2 46. Re1 Rg2+ 47. Kf1 Rb2 48. Kg1 h5 49. gxh5+ Kxh5 50. Rf1 Rg2+ 51. Kh1 c3 52. Bd6 c2 53. Bc7 Rf2+ 0-1

[Event "Saarlouis op 7th"]
[Site "Saarlouis"]
[Date "2004.05.22"]
[Round "5"]
[White "Warter, Siegfried"]
[Black "Kuklin, Valentin"]
[Result "0-1"]
[WhiteElo "2147"]
[BlackElo "2253"]
[PlyCount "60"]
[EventDate "2004.05.19"]
[EventType "swiss"]
[EventRounds "7"]
[EventCountry "GER"]
[SourceTitle "EXT 2006"]
[Source "ChessBase"]
[SourceDate "2005.11.24"]
[SourceVersion "1"]
[SourceVersionDate "2005.11.24"]
[SourceQuality "1"]

1. e4 e6 2. d4 d5 3. e5 c5 4. c3 Nc6 5. Nf3 Nge7 6. a3 cxd4 7. cxd4 Nf5 8. Nc3 Bd7 9. b4 Rc8 10. Bb2 Nh4 11. Nb1 Nxf3+ 12. Qxf3 Qb6 13. Qd3 Bxb4+ 14. Nd2 0-0 15. Be2 Be7 16. Rb1 Na5 17. 0-0 Nc4 18. Nxc4 dxc4 19. Qc3 Bc6 20. a4 Be4 21. Rbc1 Bb4 22. Qe3 Bd5 23. Bc3 Qa5 24. Bxb4 Qxb4 25. Rc3 Qxa4 26. Qg5 f5 27. exf6 Rxf6 28. Bh5 Rf5 29. Qh4 Qd7 30. Rh3 Qd8 0-1

[Event "Saarlouis op 7th"]
[Site "Saarlouis"]
[Date "2004.05.21"]
[Round "4"]
[White "Seres, Lajos"]
[Black "Warter, Siegfried"]
[Result "1-0"]
[WhiteElo "2496"]
[BlackElo "2147"]
[PlyCount "103"]
[EventDate "2004.05.19"]
[EventType "swiss"]
[EventRounds "7"]
[EventCountry "GER"]
[SourceTitle "EXT 2006"]
[Source "ChessBase"]
[SourceDate "2005.11.24"]
[SourceVersion "1"]
[SourceVersionDate "2005.11.24"]
[SourceQuality "1"]

1. e4 e5 2. Nf3 Nf6 3. d4 exd4 4. e5 Ne4 5. Qxd4 d5 6. exd6 Nxd6 7. Nc3 Nc6 8. Qf4 Bf5 9. Bb5 Qe7+ 10. Be3 Nxb5 11. Nxb5 Qb4+ 12. Qxb4 Bxb4+ 13. c3 Ba5 14. b4 Bd3 15. a4 a6 16. Nbd4 Nxd4 17. Bxd4 Bb6 18. 0-0-0 Bc4 19. Bxb6 cxb6 20. Rd6 0-0 21. Rxb6 Rac8 22. Kb2 Rfe8 23. Rd1 Re7 24. Rbd6 g6 25. Rd8+ Rxd8 26. Rxd8+ Kg7 27. Rd4 Bf1 28. g3 Rc7 29. Rd2 Kf6 30. Nd4 h5 31. Nc2 Bg2 32. Ne3 Bf3 33. c4 Ke5 34. Kc3 Re7 35. b5 axb5 36. axb5 g5 37. Rd8 Bh1 38. Rc8 Kf6 39. Kd4 Rd7+ 40. Nd5+ Kf5 41. Rc5 Kg6 42. Rc7 Rxc7 43. Nxc7 Kf6 44. Ne8+ Kf5 45. Nd6+ Kg4 46. Nxf7 h4 47. c5 h3 48. Ke5 Bg2 49. Kf6 Kf3 50. c6 bxc6 51. b6 Kxf2 52. b7 1-0

[Event "Oberliga Sued W 0304"]
[Site "Germany"]
[Date "2003.12.14"]
[Round "4.6"]
[White "Kolbus, Dietmar"]
[Black "Warter, Siegfried"]
[Result "1/2-1/2"]
[WhiteElo "2315"]
[BlackElo "2147"]
[PlyCount "129"]
[EventDate "2003.10.12"]
[EventType "team"]
[EventRounds "9"]
[EventCountry "GER"]
[SourceTitle "EXT 2006"]
[Source "ChessBase"]
[SourceDate "2005.11.24"]
[SourceVersion "1"]
[SourceVersionDate "2005.11.24"]
[SourceQuality "1"]
[WhiteTeam "Trier"]
[BlackTeam "Saarbruecken"]
[WhiteTeamCountry "GER"]
[BlackTeamCountry "GER"]

1. c4 c6 2. d4 d5 3. Nf3 Nf6 4. Qc2 a6 5. Bf4 Bg4 6. Ne5 Be6 7. c5 Nbd7 8. Nc3 g6 9. Qb3 Qc8 10. Na4 Bg7 11. e3 0-0 12. Be2 Ra7 13. 0-0 Ne4 14. Nb6 Nxb6 15. Qxb6 Ra8 16. f3 Nf6 17. g4 Nd7 18. Nxd7 Bxd7 19. Rad1 f6 20. Rd3 e5 21. Bg3 Rf7 22. h3 Re7 23. dxe5 fxe5 24. e4 d4 25. Bd1 Be6 26. Bb3 Kh8 27. Kg2 Qd7 28. Bxe6 Qxe6 29. Qb3 Qd7 30. Qc4 Rae8 31. Rb3 Rf7 32. Rd3 Bh6 33. Bh4 Bf4 34. Rdd1 Ref8 35. Rd3 Kg7 36. Rdd1 Rh8 37. Bf2 Qe7 38. h4 Rhf8 39. Rd3 Qd7 40. Bg1 Rh8 41. Bf2 Rhf8 42. Bg1 Qe7 43. Bf2 Rb8 44. Rb3 Rd8 45. Rd3 Qc7 46. Rfd1 Rdf8 47. Rf1 Qc8 48. Be1 h5 49. g5 Be3 50. Bg3 Bf4 51. Bf2 Kh7 52. Rb3 Qd7 53. Be1 Be3 54. Bg3 Qe7 55. Rd3 Bf4 56. Be1 Rg8 57. Rb3 Re8 58. Rd3 Ra8 59. Rb3 Rc8 60. Rd3 Qd7 61. Rb3 Rcf8 62. Ra3 Rd8 63. Rd3 Rdf8 64. Rb3 Be3 65. Bg3 1/2-1/2

[Event "Oberliga Sued W 0203"]
[Site "Germany"]
[Date "2003.03.09"]
[Round "8.4"]
[White "Sandmeier, Toni"]
[Black "Warter, Siegfried"]
[Result "1/2-1/2"]
[WhiteElo "2234"]
[BlackElo "2134"]
[PlyCount "49"]
[EventDate "2002.10.??"]
[EventType "team"]
[EventRounds "9"]
[EventCountry "GER"]
[SourceTitle "EXT 2005"]
[Source "ChessBase"]
[SourceDate "2004.11.15"]
[SourceVersion "1"]
[SourceVersionDate "2004.11.15"]
[SourceQuality "1"]

1. c4 c6 2. g3 d5 3. Bg2 Nf6 4. Nf3 e6 5. b3 Be7 6. Bb2 0-0 7. 0-0 a5 8. Nc3 Nbd7 9. d3 Re8 10. Qc2 Qc7 11. Rac1 Bf8 12. Nh4 d4 13. Nd1 c5 14. e4 Nb8 15. f4 Nc6 16. e5 Nd7 17. Nf2 Nb4 18. Qb1 f6 19. exf6 Nxf6 20. Nf3 Nc6 21. Rce1 e5 22. Bc1 Bd6 23. fxe5 Nxe5 24. Bg5 Nfd7 25. Ne4 1/2-1/2

[Event "Oberliga Sued W 0203"]
[Site "Germany"]
[Date "2002.10.20"]
[Round "2.5"]
[White "Gundlach, Michael"]
[Black "Warter, Siegfried"]
[Result "1-0"]
[WhiteElo "2137"]
[BlackElo "2134"]
[PlyCount "45"]
[EventDate "2002.10.??"]
[EventType "team"]
[EventRounds "9"]
[EventCountry "GER"]
[SourceTitle "EXT 2005"]
[Source "ChessBase"]
[SourceDate "2004.11.15"]
[SourceVersion "1"]
[SourceVersionDate "2004.11.15"]
[SourceQuality "1"]

1. g3 d5 2. Bg2 c6 3. d3 Nf6 4. b3 e5 5. Nd2 Bc5 6. e3 Bg4 7. Ne2 0-0 8. Bb2 Re8 9. 0-0 Qd7 10. Nf3 Qf5 11. Nxe5 Rxe5 12. d4 Qh5 13. f3 Rxe3 14. Nf4 Qh6 15. dxc5 Bf5 16. Bc1 g5 17. Bxe3 gxf4 18. Bxf4 Qg6 19. Bxb8 Bxc2 20. Qd2 Rxb8 21. Rfe1 Bf5 22. Qf4 Rd8 23. Re5 1-0

[Event "Oberliga Sued W 0102"]
[Site "Germany"]
[Date "2001.12.16"]
[Round "?"]
[White "Warter, Siegfried"]
[Black "Rosenberger, Frank"]
[Result "1/2-1/2"]
[WhiteElo "2118"]
[BlackElo "2254"]
[PlyCount "85"]
[EventDate "2001.10.09"]
[EventType "team"]
[EventRounds "9"]
[EventCountry "GER"]
[SourceTitle "EXT 2003"]
[Source "ChessBase"]
[SourceDate "2002.11.25"]
[SourceVersion "1"]
[SourceVersionDate "2002.11.25"]
[SourceQuality "1"]

1. e4 e6 2. d4 d5 3. e5 c5 4. c3 Qb6 5. Nf3 Bd7 6. a3 cxd4 7. cxd4 Bb5 8. Bxb5+ Qxb5 9. Nc3 Qa6 10. Be3 Nh6 11. Rc1 Nc6 12. Qa4 Qxa4 13. Nxa4 Nf5 14. Ke2 Be7 15. Nc5 Bxc5 16. Rxc5 0-0 17. Kd3 Rfc8 18. Rhc1 h6 19. Nd2 Nfe7 20. b4 a6 21. Nb3 b6 22. R5c2 Nd8 23. Bd2 Rxc2 24. Rxc2 Rc8 25. Rxc8 Nxc8 26. a4 Nb7 27. g3 Kh7 28. f3 Kg6 29. Nc1 Na7 30. Ne2 Kh7 31. Kc3 b5 32. a5 Nc6 33. Kd3 g5 34. g4 Kg6 35. f4 f6 36. exf6 Kxf6 37. fxg5+ hxg5 38. Ng1 Nd6 39. Nf3 Ne4 40. Be1 e5 41. h4 gxh4 42. Bxh4+ Ke6 43. Be1 1/2-1/2

[Event "Bayern-chI Bank Hofmann 5th"]
[Site "Bad Wiessee"]
[Date "2001.10.29"]
[Round "3"]
[White "Haub, Thorsten Michael"]
[Black "Warter, Siegfried"]
[Result "1-0"]
[WhiteElo "2376"]
[BlackElo "2118"]
[PlyCount "35"]
[EventDate "2001.10.27"]
[EventType "swiss"]
[EventRounds "9"]
[EventCountry "GER"]
[SourceTitle "EXT 2003"]
[Source "ChessBase"]
[SourceDate "2002.11.25"]
[SourceVersion "1"]
[SourceVersionDate "2002.11.25"]
[SourceQuality "1"]

1. Nf3 d5 2. g3 Nf6 3. Bg2 Bg4 4. c4 c6 5. Qb3 Qb6 6. Qc2 Nbd7 7. 0-0 e6 8. d3 dxc4 9. Qxc4 Bxf3 10. exf3 Rd8 11. f4 Bc5 12. Nc3 0-0 13. Na4 Qb4 14. Nxc5 Qxc5 15. Be3 Qd6 16. Bxa7 Nd5 17. Be3 N7f6 18. Bc5 1-0

[Event "Bayern-chI Bank Hofmann 5th"]
[Site "Bad Wiessee"]
[Date "2001.10.28"]
[Round "2"]
[White "Warter, Siegfried"]
[Black "Kummerow, Heiko"]
[Result "1-0"]
[WhiteElo "2118"]
[BlackElo "2307"]
[PlyCount "83"]
[EventDate "2001.10.27"]
[EventType "swiss"]
[EventRounds "9"]
[EventCountry "GER"]
[SourceTitle "EXT 2003"]
[Source "ChessBase"]
[SourceDate "2002.11.25"]
[SourceVersion "1"]
[SourceVersionDate "2002.11.25"]
[SourceQuality "1"]

1. e4 e6 2. d4 d5 3. e5 c5 4. c3 Nc6 5. Nf3 Bd7 6. Be2 Nge7 7. a3 Ng6 8. Be3 Be7 9. 0-0 0-0 10. Ne1 cxd4 11. cxd4 f6 12. f4 Qb6 13. Nc3 a6 14. exf6 Rxf6 15. g3 Na5 16. b4 Nc4 17. Bxc4 dxc4 18. Qd2 Rff8 19. Rd1 Qc6 20. d5 exd5 21. Nxd5 Bg4 22. Nf3 Rae8 23. Qg2 Bd8 24. Bc5 Rf7 25. Nd4 Qd7 26. Rde1 Nf8 27. Rxe8 Qxe8 28. f5 Qd7 29. Qe4 Bh3 30. Re1 Bxf5 31. Nxf5 Qxf5 32. Qxf5 Rxf5 33. Re8 c3 34. Ne3 c2 35. Nxc2 Bg5 36. Nd4 Rf6 37. Bxf8 Kf7 38. Re4 Kxf8 39. Ne6+ Rxe6 40. Rxe6 Bc1 41. a4 Kf7 42. Re4 1-0

[Event "Bad Woerishofen op 17th"]
[Site "Bad Woerishofen"]
[Date "2001.??.??"]
[Round "6"]
[White "Grosser, Walter"]
[Black "Warter, Siegfried"]
[Result "1/2-1/2"]
[WhiteElo "2098"]
[BlackElo "1800"]
[PlyCount "127"]
[EventDate "2001.03.15"]
[EventType "swiss"]
[EventRounds "9"]
[EventCountry "GER"]
[SourceTitle "CBM 081 Extra"]
[Source "ChessBase"]
[SourceDate "2001.05.06"]
[SourceVersion "1"]
[SourceVersionDate "2001.05.06"]
[SourceQuality "1"]

1. d4 d5 2. Nf3 Nf6 3. c4 c6 4. Nc3 dxc4 5. e3 e6 6. Bxc4 Be7 7. 0-0 0-0 8. Qc2 a6 9. a3 b5 10. Bd3 Qb6 11. e4 h6 12. h3 c5 13. dxc5 Qxc5 14. b4 Qh5 15. e5 Nfd7 16. Bb2 Bb7 17. Ne4 f5 18. exf6 Nxf6 19. Qc7 Ra7 20. Qxe7 Bxe4 21. Qxa7 Bxd3 22. Rfe1 Bf5 23. Nh2 Qg6 24. Re3 Nh5 25. Kh1 Be4 26. Ng4 Nc6 27. Qc7 Rf7 28. Qd6 Nf4 29. Rg3 Qh5 30. f3 Bd5 31. Re1 Qh4 32. Kh2 Kh7 33. Be5 Nh5 34. Ne3 Nxe5 35. Qxe5 Rf4 36. Nf1 Rf5 37. Qc3 Nxg3 38. Nxg3 Qf4 39. Qe3 Qd6 40. Qf2 Rg5 41. f4 Rg6 42. Ne4 Qc6 43. Qe3 Qc2 44. Re2 Bxe4 45. Qxe4 Qc3 46. Re3 Qf6 47. Rg3 Qf5 48. Re3 Rf6 49. g4 Qxe4 50. Rxe4 g5 51. Kg3 Kg6 52. fxg5 hxg5 53. Re5 Kf7 54. Rxg5 Rf1 55. h4 Ra1 56. h5 Rxa3+ 57. Kf4 Rb3 58. h6 Rxb4+ 59. Ke5 Rb1 60. h7 Rh1 61. Rg8 Rxh7 62. Ra8 Kg6 63. Rxa6 Kg5 64. Rxe6 1/2-1/2

[Event "Bad Woerishofen op 17th"]
[Site "Bad Woerishofen"]
[Date "2001.??.??"]
[Round "5"]
[White "Warter, Siegfried"]
[Black "Von Saldern, Ruediger"]
[Result "1-0"]
[WhiteElo "1800"]
[BlackElo "2148"]
[PlyCount "83"]
[EventDate "2001.03.15"]
[EventType "swiss"]
[EventRounds "9"]
[EventCountry "GER"]
[SourceTitle "CBM 081 Extra"]
[Source "ChessBase"]
[SourceDate "2001.05.06"]
[SourceVersion "1"]
[SourceVersionDate "2001.05.06"]
[SourceQuality "1"]

1. e4 e5 2. Nf3 Nc6 3. Bb5 a6 4. Ba4 Nf6 5. 0-0 b5 6. Bb3 Be7 7. Re1 0-0 8. a4 Rb8 9. d3 d6 10. h3 Na5 11. Ba2 bxa4 12. Bd2 c5 13. Bc3 Nc6 14. Bc4 Nb4 15. Rxa4 a5 16. Nbd2 Bd7 17. Ra3 h6 18. Nf1 Qc7 19. Ne3 Ra8 20. Qd2 Ra7 21. b3 Rfa8 22. Rea1 Bd8 23. g4 Kf8 24. g5 hxg5 25. Nxg5 Be8 26. f4 Nh5 27. Ng2 Qe7 28. Rf1 exf4 29. h4 d5 30. exd5 Qd6 31. Nxf4 Nxf4 32. Rxf4 Nxc2 33. Ne6+ Kg8 34. Rg4 fxe6 35. Qh6 Qf8 36. dxe6 Re7 37. Ra2 Nd4 38. Rf2 Qf5 39. Rxf5 Nxf5 40. Qf4 Nd4 41. Bxd4 cxd4 42. Qd6 1-0